[Event "GER-chT U12"]
[Site "Magdeburg"]
[Date "2017.12.29"]
[Round "6.4"]
[White "Pfefferkorn, Paul"]
[Black "Blome, Johannes"]
[Result "0-1"]
[WhiteElo "1152"]
[BlackElo "1621"]
[PlyCount "42"]
[EventDate "2017.12.26"]
[EventType "team-swiss"]
[EventRounds "7"]
[EventCountry "GER"]
[SourceTitle "CBM 182 Extra"]
[Source "ChessBase"]
[SourceDate "2018.02.23"]
[SourceVersion "1"]
[SourceVersionDate "2018.02.23"]
[SourceQuality "1"]
[WhiteTeam "Dresden TU"]
[BlackTeam "Hamburger SK"]
[WhiteTeamCountry "GER"]
[BlackTeamCountry "GER"]

1. e4 c5 2. Nf3 e6 3. d4 cxd4 4. Nxd4 Nf6 5. Nc3 Nc6 6. Bc4 Bb4 7. Nxc6 bxc6 8. Bd3 d5 9. Bg5 h6 10. Bh4 g5 11. Bg3 dxe4 12. Bc4 Nd5 13. Bxd5 Bxc3+ 14. bxc3 Qxd5 15. Qe2 f5 16. f3 f4 17. Bf2 e3 18. Bg1 a5 19. c4 Qe5 20. Rb1 Qc3+ 21. Kd1 Ba6 0-1

[Event "GER-chT U12"]
[Site "Magdeburg"]
[Date "2016.12.29"]
[Round "5.4"]
[White "Pfefferkorn, Paul"]
[Black "Rosenhain, Jonathan"]
[Result "0-1"]
[WhiteElo "1033"]
[BlackElo "1360"]
[PlyCount "118"]
[EventDate "2016.12.27"]
[EventType "team-swiss"]
[EventRounds "7"]
[EventCountry "GER"]
[SourceTitle "EXT 2018"]
[Source "ChessBase"]
[SourceDate "2017.10.13"]
[SourceVersion "1"]
[SourceVersionDate "2017.10.13"]
[SourceQuality "1"]
[WhiteTeam "Dresden TU"]
[BlackTeam "Berlin Schachpinguine"]
[WhiteTeamCountry "GER"]
[BlackTeamCountry "GER"]

1. e4 e5 2. Nf3 Nc6 3. Bc4 Nf6 4. Nc3 Nxe4 5. Nxe4 d5 6. Bxd5 Qxd5 7. Nc3 Qd8 8. h3 Bf5 9. 0-0 a6 10. Re1 Bd6 11. d4 f6 12. Bf4 0-0 13. dxe5 fxe5 14. Bxe5 Nxe5 15. Nxe5 Re8 16. f4 Qh4 17. Qd5+ Be6 18. Qf3 Rf8 19. Qe3 Qxf4 20. Qxf4 Rxf4 21. Nd3 Rf6 22. Ne4 Rg6 23. Nxd6 Bd5 24. Ne4 Rf8 25. Re2 Bc4 26. b3 Be6 27. Rf1 Bf5 28. Rf4 Re6 29. Ndc5 Re5 30. Nd3 Re6 31. Ndf2 g6 32. g4 Bxe4 33. Rxf8+ Kxf8 34. Rxe4 Rd6 35. Re2 h5 36. gxh5 gxh5 37. Kg2 Rg6+ 38. Kf1 Kf7 39. Ke1 Rg1+ 40. Kd2 Ra1 41. a4 Rg1 42. Kc3 Rg3+ 43. Kd4 Rg5 44. Ne4 Rg6 45. Nc5 Rd6+ 46. Ke5 b6 47. Rf2+ Ke7 48. Nd3 Re6+ 49. Kf4 b5 50. a5 Kf6 51. Kg3+ Kg5 52. Rf4 Re3+ 53. Rf3 h4+ 54. Kf2 Re6 55. b4 Rc6 56. Nc5 Kg6 57. Ke3 Rd6 58. Rf1 Kg7 59. Kf4 Rf6+ 0-1

[Event "GER-chT U12"]
[Site "Magdeburg"]
[Date "2016.12.27"]
[Round "1.4"]
[White "Guendel, Marius"]
[Black "Pfefferkorn, Paul"]
[Result "1/2-1/2"]
[WhiteElo "1335"]
[BlackElo "1033"]
[PlyCount "43"]
[EventDate "2016.12.27"]
[EventType "team-swiss"]
[EventRounds "7"]
[EventCountry "GER"]
[SourceTitle "EXT 2018"]
[Source "ChessBase"]
[SourceDate "2017.10.13"]
[SourceVersion "1"]
[SourceVersionDate "2017.10.13"]
[SourceQuality "1"]
[WhiteTeam "Mannheim Lindenhof"]
[BlackTeam "Dresden TU"]
[WhiteTeamCountry "GER"]
[BlackTeamCountry "GER"]

1. e4 e5 2. Nf3 Nc6 3. d4 exd4 4. Nxd4 Bc5 5. Nb3 Bb6 6. Nc3 Nf6 7. Bc4 h6 8. 0-0 0-0 9. Bf4 d6 10. Re1 Re8 11. Qd2 Ng4 12. Re2 Qh4 13. Bg3 Qf6 14. Nd5 Qd8 15. Rd1 Nf6 16. Bh4 Bg4 17. Nxf6+ gxf6 18. Qxh6 Bxe2 19. Bxf6 Qxf6 20. Qxf6 Bxc4 21. Qf5 Be6 22. Qf4 1/2-1/2

[Event "GER-chT U10"]
[Site "Magdeburg"]
[Date "2015.12.28"]
[Round "3.1"]
[White "Kluehs, Gustaf"]
[Black "Pfefferkorn, Paul"]
[Result "1-0"]
[WhiteElo "1129"]
[BlackElo "799"]
[PlyCount "35"]
[EventDate "2015.12.27"]
[EventType "team-swiss"]
[EventRounds "7"]
[EventCountry "GER"]
[SourceTitle "EXT 2017"]
[Source "ChessBase"]
[SourceDate "2016.10.25"]
[SourceVersion "1"]
[SourceVersionDate "2016.10.25"]
[SourceQuality "1"]
[WhiteTeam "Berlin Nord Ost II"]
[BlackTeam "Dresden TU II"]
[WhiteTeamCountry "GER"]
[BlackTeamCountry "GER"]

1. d4 d5 2. Nf3 c6 3. c3 Nf6 4. e3 Bg4 5. Bd3 e6 6. Nbd2 Bd6 7. 0-0 0-0 8. e4 Re8 9. e5 Ne4 10. exd6 Nxd6 11. h3 Bf5 12. Bxf5 Nxf5 13. Nb3 h6 14. Bf4 a5 15. Ne5 Ne7 16. Nc5 b6 17. Ncd3 Nd7 18. Nf3 1-0

[Event "GER-chT U10"]
[Site "Magdeburg"]
[Date "2015.12.27"]
[Round "2.1"]
[White "Pfefferkorn, Paul"]
[Black "Niemann, Leon Pascal"]
[Result "0-1"]
[WhiteElo "799"]
[BlackElo "1090"]
[PlyCount "50"]
[EventDate "2015.12.27"]
[EventType "team-swiss"]
[EventRounds "7"]
[EventCountry "GER"]
[SourceTitle "EXT 2017"]
[Source "ChessBase"]
[SourceDate "2016.10.25"]
[SourceVersion "1"]
[SourceVersionDate "2016.10.25"]
[SourceQuality "1"]
[WhiteTeam "Dresden TU II"]
[BlackTeam "Hannover"]
[WhiteTeamCountry "GER"]
[BlackTeamCountry "GER"]

1. e4 c5 2. Nf3 Nc6 3. d4 cxd4 4. Nxd4 g6 5. Nc3 Bg7 6. Nf3 Nf6 7. Be2 0-0 8. 0-0 e6 9. Bg5 h6 10. Bh4 d6 11. a3 b6 12. b4 Bb7 13. b5 Ne7 14. e5 Nfd5 15. Bxe7 Qxe7 16. Ne4 dxe5 17. c4 Nf6 18. Qd6 Qxd6 19. Nxd6 Bxf3 20. Bxf3 Rad8 21. Nb7 Rd7 22. Bc6 Rd4 23. a4 Rxc4 24. a5 Rd4 25. Rad1 bxa5 0-1